[Event "DEN-ch Kort 1-2"]
[Site "Svendborg"]
[Date "2019.04.14"]
[Round "2"]
[White "Hald Falkesgaard, Jeppe"]
[Black "Madsen, Michael Leerberg"]
[Result "1-0"]
[WhiteElo "1834"]
[BlackElo "1708"]
[PlyCount "115"]
[EventDate "2019.04.13"]
[EventType "swiss"]
[EventRounds "5"]
[EventCountry "DEN"]
[SourceTitle "EXT 2020"]
[Source "ChessBase"]
[SourceDate "2019.10.17"]
[SourceVersion "1"]
[SourceVersionDate "2019.10.17"]
[SourceQuality "1"]

1. d4 Nf6 2. c4 e6 3. Nf3 d5 4. Nc3 Bb4 5. Bg5 0-0 6. e3 b6 7. cxd5 exd5 8. Bd3 c5 9. 0-0 Bxc3 10. bxc3 c4 11. Bc2 Bb7 12. Ne5 h6 13. Bh4 Qd6 14. Qf3 Ne4 15. Bxe4 dxe4 16. Qg4 Bd5 17. Bg3 Qe6 18. Qxe6 Bxe6 19. f3 exf3 20. gxf3 Nd7 21. Nxd7 Bxd7 22. e4 Rfe8 23. d5 Rac8 24. Rad1 Rc5 25. Rd4 Ra5 26. Rf2 b5 27. f4 Ra3 28. Rc2 g6 29. Kf2 Kg7 30. Kf3 h5 31. Be1 Ra6 32. Rg2 Rb6 33. Bd2 Kh7 34. Bc1 Ra6 35. Kg3 Rd8 36. Kh4 Bg4 37. h3 Bc8 38. Rh2 Re8 39. Kg5 Kg7 40. d6 Rd8 41. e5 Be6 42. h4 Rd7 43. Rd1 Rb6 44. Be3 Rbb7 45. a3 Kf8 46. Kf6 Ke8 47. Rf2 Bf5 48. Rd5 Be6 49. Rc5 Kd8 50. Rb2 a6 51. Rc6 a5 52. Bb6+ Rxb6 53. Rxb6 Ra7 54. R2xb5 Kc8 55. Rb8+ Kd7 56. R5b7+ Rxb7 57. Rxb7+ Ke8 58. Re7+ 1-0

[Event "Amager-ch"]
[Site "Amager"]
[Date "2015.08.25"]
[Round "2"]
[White "Madsen, Michael Leerberg"]
[Black "Skovgaard, Ib"]
[Result "0-1"]
[WhiteElo "1652"]
[BlackElo "1978"]
[PlyCount "86"]
[EventDate "2015.08.18"]
[EventType "swiss"]
[EventRounds "7"]
[EventCountry "DEN"]
[SourceTitle "EXT 2023"]
[Source "ChessBase"]
[SourceDate "2022.10.05"]
[SourceVersion "1"]
[SourceVersionDate "2022.10.05"]
[SourceQuality "1"]

1. e4 Nf6 2. e5 Nd5 3. d4 d6 4. c4 Nb6 5. f4 dxe5 6. fxe5 Nc6 7. Be3 Bf5 8. Nf3 Nb4 9. Na3 e6 10. Be2 c5 11. dxc5 Qxd1+ 12. Rxd1 Na4 13. Nd4 Bxc5 14. Nxf5 exf5 15. Bxc5 Nxc5 16. Nb5 0-0 17. a3 Nc6 18. Rd5 Ne6 19. 0-0 g6 20. Nd6 Rab8 21. b4 Rfd8 22. c5 Nc7 23. Rd3 Nxe5 24. Re3 f6 25. g4 f4 26. Re4 Ne6 27. Bd1 Kg7 28. h4 b6 29. g5 bxc5 30. gxf6+ Kxf6 31. bxc5 Nd3 32. Bg4 Ndxc5 33. Rb4 Rxb4 34. axb4 Nd3 35. Nb7 Rb8 36. Nd6 Rxb4 37. Rd1 Nec5 38. Be2 Ne5 39. Ne8+ Ke7 40. Nc7 Re4 41. Rd5 f3 42. Bxf3 Nxf3+ 43. Kf2 Re5 0-1

[Event "Amager-ch D"]
[Site "Amager"]
[Date "2014.08.26"]
[Round "2"]
[White "Madsen, Michael Leerberg"]
[Black "Host Madsen, William"]
[Result "0-1"]
[WhiteElo "1203"]
[BlackElo "1200"]
[PlyCount "46"]
[EventDate "2014.08.19"]
[EventType "tourn"]
[EventRounds "7"]
[EventCountry "DEN"]
[SourceTitle "EXT 2023"]
[Source "ChessBase"]
[SourceDate "2022.10.05"]
[SourceVersion "1"]
[SourceVersionDate "2022.10.05"]
[SourceQuality "1"]

1. d4 d5 2. c4 Nf6 3. cxd5 Nxd5 4. e4 Nb4 5. d5 e6 6. a3 N4a6 7. Nc3 Nc5 8. b4 Nca6 9. Bf4 Bd6 10. dxe6 Bxe6 11. e5 Be7 12. Nf3 0-0 13. Nd4 Bg4 14. Qxg4 Qxd4 15. Qg3 Nc6 16. Rd1 Qb6 17. Na4 Bxb4+ 18. axb4 Qxb4+ 19. Nc3 Rad8 20. Rxd8 Rxd8 21. Bxa6 bxa6 22. 0-0 a5 23. Bh6 g6 0-1